Réhabilitation de la chirurgie dentaire : (Record no. 156669)

MARC details
000 -LEADER
campo de control de longitud fija 00870nam a22001932i 4500
001 - NÚMERO DE CONTROL
campo de control 156669
003 - IDENTIFICADOR DE NÚMERO DE CONTROL
campo de control ES-MaACL
005 - FECHA Y HORA DE LA ÚLTIMA TRANSACCIÓN
campo de control 20230906210452.0
008 - DATOS DE LONGITUD FIJA--INFORMACIÓN GENERAL
campo de control de longitud fija 940805s1859 fr |||| | fre d
080 ## - NÚMERO DE LA CLASIFICACIÓN DECIMAL UNIVERSAL
Número de la Clasificación Decimal Universal 616
100 1# - ENTRADA PRINCIPAL--NOMBRE DE PERSONA
Nombre de persona Koth, Carlos.
9 (RLIN) 128483
245 10 - MENCIÓN DEL TÍTULO
Título Réhabilitation de la chirurgie dentaire :
Resto del título prothèse, science et prophylaxie qui en dérivent : ouvrage utile à tout le monde /
Mención de responsabilidad, etc. par le Dr. Carlos Koth.
260 ## - PUBLICACIÓN, DISTRIBUCIÓN, ETC.
Lugar de publicación, distribución, etc. Paris :
Nombre del editor, distribuidor, etc. [s.n.],
Fecha de publicación, distribución, etc. 1859 (
Fabricante Imp. d'Aubusson et Kugelmann)
300 ## - DESCRIPCIÓN FÍSICA
Extensión III, 134 p. ;
Dimensiones 15 cm.
650 #4 - PUNTO DE ACCESO ADICIONAL DE MATERIA--TÉRMINO DE MATERIA
Término de materia o nombre geográfico como elemento de entrada Odontología.
9 (RLIN) 15690
650 #4 - PUNTO DE ACCESO ADICIONAL DE MATERIA--TÉRMINO DE MATERIA
Término de materia o nombre geográfico como elemento de entrada Dientes-
Subdivisión general Extracción.
9 (RLIN) 135925
852 4# - LOCALIZACIÓN
Ubicación ES-MaACL
Número de control de estantería T-117-F-1
852 4# - LOCALIZACIÓN
Ubicación ES-MaACL
Número de control de estantería T-408-F-3
Nota libre - Enc. hol., falto de cub. original
-- - Enc. en un vol. facticio
-- - Regalo de G. Sáenz Díez
-- - Dedicatoria ms. de Vélez Sánchez a la Biblioteca de los Escolares Médicos, 1876
Holdings
Estatus retirado Estado de pérdida Estado de daño No para préstamo Colección Biblioteca de origen Biblioteca actual Ubicación en estantería Fecha de adquisición Total de préstamos Signatura topográfica completa Código de barras Visto por última vez Precio de reemplazo Tipo de ítem Koha
        Colección de folletos Biblioteca del Ateneo de Madrid Biblioteca del Ateneo de Madrid Depósito folletos 17/01/2008   T-408-F-3 1163912 23/02/2023 23/02/2023 Folleto